Statistics for Logo Cut Outs #1

Click here to take the quiz!

General Stats

  • This quiz has been taken 16 times
  • The average score is 13 of 15

Answer Stats

Answer% Correct
7Up
100%
BMW
100%
Google
100%
McDonalds
100%
Pepsi
100%
Snapchat
100%
Starbucks
100%
Visa
100%
YouTube
100%
Adidas
93%
TikTok
93%
WhatsApp
87%
Ford
53%
Vodafone
40%
Vauxhall
20%

Score Distribution

Percentile by Number Answered

Percent of People with Each Score

Your Score History

You have not taken this quiz